000 01410pab a2200217 454500
008 180718b2000 xxu||||| |||| 00| 0 eng d
100 _aKwong, Julia
245 _aOrganizationala ethics and bureaucratic corruption in Chinese school
260 _c2000
300 _ap.1925-942
362 _aNov
520 _aThis paper takes issue with a central theme in the literature on corruption that a centralized bureaucratic structure necessarily promotes corruption. It argues that the growth of corruption after 1976 was not so much the result of a centralized bureaucratic structure as that of the changing organizational ethics in the schools. In an examination of the schools since 1949, it shows that their structures have not changed radically. But by separating the organizational ethics into their real and ideal dimensions, it demonstrates that despite the continuity in the official goals and codes of ethics, the `real' or fundamental organizational ethic have changed, and new standards of behavior have prompted members to break organizational rules in the more or less decentralized organizational structures. - Reproduced
650 _aEthics - China
650 _aSchools - China
650 _aBureaucracy - China
650 _aOrganizations - China
650 _aCorruption - China
650 _aCorruption
773 _aInternational Journal of Public Administration
909 _a45766
999 _c45766
_d45766